000 00413nam a2200181Ia 4500
001 492
005 20260306140521.0
008 260306t2011||||xx |||||||||||||| ||spa||
041 _aESP
082 _a121
_bP666 V. 1
100 _aPopper, Karl P.
_eAUT
245 0 _aRealismo y el objetivo de la ciencia
260 _c2011
300 _a
_c23 cm.
650 _aGEN
654 _aCHU
942 _cLIB
_dJUS
_fJUS
_2ddc
_n
999 _c492
_d492